Năng lượng thế kỉ 20

محفوظ في:
التفاصيل البيبلوغرافية
المؤلف الرئيسي: Đinh Ngọc Lân
التنسيق: كتاب
اللغة:Undetermined
منشور في: Hà Nội KHKT 1977
الموضوعات:
الوسوم: إضافة وسم
لا توجد وسوم, كن أول من يضع وسما على هذه التسجيلة!
Thư viện lưu trữ: Trung tâm Học liệu Trường Đại học Cần Thơ
LEADER 00502nam a2200181Ia 4500
001 CTU_5399
008 210402s9999 xx 000 0 und d
082 |a 333.97 
082 |b L121 
100 |a Đinh Ngọc Lân 
245 0 |a Năng lượng thế kỉ 20 
245 0 |c Đinh Ngọc Lân 
260 |a Hà Nội 
260 |b KHKT 
260 |c 1977 
650 |a power resources 
904 |i Nguyễn Quang Điền, 960715 
980 |a Trung tâm Học liệu Trường Đại học Cần Thơ